| 000 | 00446nam a22001697a 4500 | ||
|---|---|---|---|
| 999 |
_c12385 _d12385 |
||
| 008 | 230509b 2017 ||||| |||| 00| 0 eng d | ||
| 020 | _a9780008196806 | ||
| 082 |
_a629.228 _bNEW |
||
| 100 | _aNewey, Adrian | ||
| 245 | _aHow to build a car | ||
| 260 |
_aLondon _bHarper Collins Publishers _c2017 |
||
| 300 | _ax, 390p. | ||
| 650 | _aOn the grid | ||
| 650 | _aHow to build a march 83G | ||
| 650 | _aHow to build a march 86C | ||
| 942 | _cBK | ||